Selección de trabajos inéditos de física (Record no. 141269)

MARC details
000 -LEADER
campo de control de longitud fija 00548nam a2200181 i 4500
001 - NÚMERO DE CONTROL
campo de control 141269
003 - IDENTIFICADOR DE NÚMERO DE CONTROL
campo de control ES-MaACL
007 - CAMPO FIJO DE DESCRIPCIÓN FÍSICA--INFORMACIÓN GENERAL
campo de control de longitud fija t|
008 - DATOS DE LONGITUD FIJA--INFORMACIÓN GENERAL
campo de control de longitud fija 070920s1985 sp ||||1| spa d
080 ## - NÚMERO DE LA CLASIFICACIÓN DECIMAL UNIVERSAL
Número de la Clasificación Decimal Universal 53
100 1# - ENTRADA PRINCIPAL--NOMBRE DE PERSONA
Nombre de persona Villar Iglesias, Enrique.
9 (RLIN) 115091
245 10 - MENCIÓN DEL TÍTULO
Título Selección de trabajos inéditos de física
Resto del título : with an annex in english /
Mención de responsabilidad, etc. Enrique Villar Iglesias.
260 ## - PUBLICACIÓN, DISTRIBUCIÓN, ETC.
Lugar de publicación, distribución, etc. [Barcelona] :
Nombre del editor, distribuidor, etc. El autor,
Fecha de publicación, distribución, etc. 1985.
300 ## - DESCRIPCIÓN FÍSICA
Extensión 71 p. ;
Dimensiones 24 cm.
650 17 - PUNTO DE ACCESO ADICIONAL DE MATERIA--TÉRMINO DE MATERIA
Término de materia o nombre geográfico como elemento de entrada Física
Fuente del encabezamiento o término embne
9 (RLIN) 12877
852 ## - LOCALIZACIÓN
Ubicación ES-MaACL
Número de control de estantería L-8313
Sublocalización o colección R.108696
Holdings
Estatus retirado Estado de pérdida Estado de daño No para préstamo Biblioteca de origen Biblioteca actual Ubicación en estantería Fecha de adquisición Fuente de adquisición Total de préstamos Signatura topográfica completa Código de barras Visto por última vez Precio de reemplazo Tipo de ítem Koha
        Biblioteca del Ateneo de Madrid Biblioteca del Ateneo de Madrid Depósito 2 17/01/2008     L-8313 1146994 23/02/2023 23/02/2023 Libro impreso